• 首页
  • 本馆介绍
  • 公告通知
  • 最新文献
  • 馆藏检索
  • 电子资源
  • 读者导购
  • 参考咨询
  • 我的图书馆
  • 登录
  • 详细信息显示
  • 放入我的书架
  • 预约/预借图书
  • 作者相关作品
  • 分类相关作品
  • 丛书相关作品
  • 出版社相关作品

书目信息

  • 表格格式
  • 工作单格式
  • 卡片格式
题名:
管理心理学
    
 
作者: 卢盛忠 编
分册:  
出版信息: 杭州   浙江教育出版社  1985
页数: 321页
开本: 20cm
丛书名:
单 册:
中图分类: B849:C93
科图分类:
主题词: 管理心理学 , 应用心理学
电子资源:
ISBN: 7-5338-0181-4
000 00758nam0 2200241 45
001 0188011949
005 20051229100753.51
010    @a7-5338-0181-4@dCNY2.10
020    @b88011949
100    @a19910415d1985 m y0chiy0120 ea
101 0  @achi
102    @aCN@b330000
105    @ay z 000yy
200 10 @a管理心理学@Aguan li xin li xue@f卢盛忠主编@Flu sheng zhong zhu bian
210    @a杭州@c浙江教育出版社@d1985
215    @a321页@d20cm
330    @a本书包括绪论,个体心理,群体心理,组织心理四编,介绍了国外管理心理学的理论和研究成果,也适当反映了我国企业的管理经验。
606    @a管理心理学
606 0  @a应用心理学
690    @aB849:C93@v4
701  0 @a卢盛忠@Alu sheng zhong@4编
801  0 @aCN@bNLC@c20051229
905    @dB849:C93@e175@f1@b200931
    
    管理心理学/卢盛忠主编.-杭州:浙江教育出版社,1985
    321页;20cm
    
    
    ISBN 7-5338-0181-4:CNY2.10
    本书包括绪论,个体心理,群体心理,组织心理四编,介绍了国外管理心理学的理论和研究成果,也适当反映了我国企业的管理经验。
●
相关链接 在E读中查询图书 在五车中查询图书 在当当中查询图书 在豆瓣中查询图书


正题名:管理心理学     索取号:B849:C93/175         预约/预借

序号 登录号 条形码 馆藏地/架位号 状态 备注
1 0200930   202175010   密集书库/ [索取号:B849:C93/175] 在馆    
2 0200931   000513180   第一样本阅览室/ [索取号:B849:C93/175] 在馆    
3 0200932   001856254   密集书库/ [索取号:B849:C93/175] 在馆    
唐山师范学院图书馆 欢迎您!
大连网信软件有限公司© 版权所有